Normal view
MARC view
- Antropología prehistórica
Entry Materia
001 - NÚMERO DE CONTROL DEL REGISTRO
- campo de control: 4799
003 - IDENTIFICADOR DE NUMERO DE CONTROL
- campo de control: UPN
005 - FECHA Y HORA DE LA ÚLTIMA TRANSACCIÓN
- campo de control: 20220527172148.0
008 - DATOS DE LONGITUD FIJA
- campo de control de longitud fija: 220527nn acannaabn n ana d
035 ## - NÚMERO DE CONTROL DEL SISTEMA
- Número de control del sistema: UPN10000004799
040 ## - FUENTE DE LA CATALOGACIÓN
- Lengua de catalogación: SPA
- Agencia de transcripción: UPN
- Centro catalogador de origen: UPN
046 ## - FECHAS CON CODIFICACIÓN ESPECIAL
- Fecha final para contenidos agregados: 2022
150 ## - ENCABEZAMIENTO - TEMÁTICO
- Término de materia o nombre geográfico como elemento inicial: Antropología prehistórica
670 ## - FUENTE EN LA QUE SE LOCALIZARON DATOS
- Cita de la fuente: E
680 ## - NOTA GENERAL CON DESPLIEGUE PÚBLICO
- Texto explicativo: Aquí se asientan las obras sobre esta ciencia: su historia, métodos, objetivos, etc. Las obras que tratan del hombre prehistórico, se asientan bajo
- Encabezamiento: HOMBRE PREHISTORICO
- Texto explicativo: y bajo nombres de países, ciudades, etc., con subdivisión de
- Encabezamiento: ANTIGUEDADES
902 ## - CATALOGADOR
- Catalogador: CAA/170604
